| 000 | 00367nam a22001457a 4500 | ||
|---|---|---|---|
| 020 | _a9788120316393 | ||
| 040 | _cNUST | ||
| 082 |
_a005.133-VC++ _bBAT |
||
| 100 |
_a Bates, Jonathan _9125741 |
||
| 110 |
_aTompkins, Tim _9125742 |
||
| 245 | _aPractical Visual C++ 6 | ||
| 260 |
_aUSA: _bQue, _c1999. |
||
| 650 | _aC++ (Computer program language) | ||
| 942 |
_2ddc _cBK |
||
| 999 |
_c611439 _d611439 |
||